| 000 | 01003nas a2200289 4500 | ||
|---|---|---|---|
| 001 | BR9512065 | ||
| 003 | BR-BrBNA | ||
| 005 | 20231205095630.0 | ||
| 007 | ta | ||
| 008 | 230509b bl.|||p| |||| 00| 00por d | ||
| 040 |
_aBR-BrBNA _bpor _cBiblioteca Nacional de Agricultura |
||
| 041 | _a(Pt) | ||
| 072 | _aF01 | ||
| 100 | 1 | _aLeite, J.B.V. | |
| 100 | 1 | _aSilva, F.C.C. da | |
| 100 | 1 | _aCardoso, A.A. | |
| 100 | 1 | _aRomano, R. | |
| 111 | 1 |
_a12. Congresso Brasileiro de Fruticultura _cPorto Alegre, RS (Brazil) _d17-22 Jan 1993 |
|
| 245 | 1 | _aEstudos da duracao do periodo de colheita de quatro cultivares e seis selecoes de macadamia (Macadamia integrifolia Maiden e Betche), na regiao de Araponga, Minas Gerais | |
| 650 | _aMacadamia | ||
| 650 | _aVariedade | ||
| 650 | _aColheita | ||
| 650 | _aMinas Gerais | ||
| 773 | 0 |
_tRevista Brasileira de Fruticultura (Brazil) _xISSN 0100-2945 _g1992, v. 14(2) p. 221-224 _wBR9512065 |
|
| 909 |
_a202311 _bLúcia _c55 _dLúcia Elande |
||
| 942 |
_2AGRIS _n0 _cANA |
||
| 999 |
_c151816 _d151816 |
||